| 000 | 01059nam a22003257a 4500 | ||
|---|---|---|---|
| 001 | 0026505 | ||
| 003 | KOHA_MİRAKIL | ||
| 005 | 20260207002530.0 | ||
| 007 | ta | ||
| 008 | 101122b2007 usa|||gr||||#||||0|eng | | ||
| 020 |
_a9780387448978 _q(pt. A : acid-free paper) |
||
| 020 |
_a9780387683461 _q(pt. A : soft cover : acid-free paper) |
||
| 020 |
_a9780387448993 _q(pt. A : e-ISBN) |
||
| 040 |
_aTR-BiSEU _btur _cTR-BiSEU _erda |
||
| 041 | 0 | _aeng | |
| 044 | _cus | ||
| 050 |
_aQD251.3 _b.C367 2007 |
||
| 100 | 1 | _aCarey, Francis A.. | |
| 245 | 1 |
_aAdvanced organic chemistry/ _cFrancis A. Carey ; Frank A. Carey and Richard J. Sundberg.. |
|
| 250 | _a5th ed. | ||
| 264 | 1 |
_aNew York : _bSpringer, c2007 _c2007 |
|
| 300 |
_a v. : _billustretions; 26 cm. |
||
| 336 |
_ametin _btxt _2rdacontent |
||
| 337 |
_aaracısız _bn _2rdamedia |
||
| 338 |
_acilt _bnc _2rdacarrier |
||
| 500 | _aIncludes bibliographical references and index. | ||
| 500 | _apt. A. Structure and mechanisms | ||
| 650 | 0 |
_aChemistry, Organic. _91515 |
|
| 942 |
_2lcc _cBK |
||
| 999 |
_c26444 _d26444 |
||